Carregando...
Primary Education in Assam
| Autor principal: | |
|---|---|
| Outros Autores: | |
| Idioma: | Undetermined |
| Assuntos: |
| LEADER | 00455nab a2200145Ia 4500 | ||
|---|---|---|---|
| 008 | 170811c99999999xx |||||||||||| ||und|| | ||
| 100 | |a Subhrangshu Sekhar Sarkar | ||
| 245 | |a Primary Education in Assam | ||
| 300 | |a 43-46 | ||
| 653 | |a SSA | ||
| 700 | |a Papori Baruah | ||
| 773 | |t Yojana (eng) |g Vol. 55 (December) 2011 | ||
| 942 | |c ART | ||
| 999 | |c 177086 |d 177086 | ||
| 952 | |0 0 |1 0 |4 0 |7 0 |9 242934 |a LIB |b LIB |d 2017-08-13 |h Vol. 55 (December) 2011 |r 2017-08-13 |w 2017-08-13 |y ART | ||